Movie by POV Shot Quiz Stats

 Plays Quiz Updated Apr 6, 2015

Score 0/25 Timer 10:00
9 Plays Today
% Correct
Ghostbusters
97%
Gravity
86.5%
The Amazing Spider-Man
84.1%
Jaws
82.9%
The Silence of the Lambs
70.8%
Jurassic Park
70.7%
Fight Club
70.6%
Misery
67.5%
Reservoir Dogs
65.2%
Christmas Vacation
63.7%
Happy Gilmore
63.2%
Predator
57.5%
Being John Malkovich
54.8%
% Correct
E.T. the Extra-Terrestrial
52.5%
The Terminator
50.5%
Robocop
49.2%
The Blair Witch Project
48.2%
Raging Bull
40.7%
The King's Speech
37.3%
Iron Man 3
36.5%
Doom
29.3%
Halloween
25.5%
Moonrise Kingdom
21.3%
Quarantine
17%
Rear Window
15.6%

You're not logged in!

Compare scores with friends on all Sporcle quizzes.
OR
Log In

You Might Also Like...

Show Comments

Extras

Top Quizzes Today


Score Distribution

Your Account Isn't Verified!

In order to create a playlist on Sporcle, you need to verify the email address you used during registration. Go to your Sporcle Settings to finish the process.

Report this User

Report this user for behavior that violates our Community Guidelines.

Details: